Tiere an ihren Schwänzen erkennen - Statistiken

Allgemein
  • Dieses Quiz wurde 2.864 mal gespielt
  • Das Durchschnittsergebnis liegt bei 21 aus 24
Antwortstatistiken
Bildquiz Antwort % Korrekt
Elefant
99%
Zebra
99%
Eichhörnchen
97%
Fuchs
97%
Pferd
97%
Pfau
96%
Krokodil
94%
Leopard
94%
Flusspferd
93%
Chamäleon
90%
Waschbär
89%
Stinktier
88%
Flamingo
87%
Fischotter
84%
Klapperschlange
82%
Roter Panda
82%
Gürteltier
81%
Feuersalamander
80%
Nashorn
80%
Schnabeltier
79%
Luchs
77%
Orca
76%
Katta / Lemur
73%
Okapi
37%
Keine übereinstimmenden Quizze gefunden
Verteilung der Resultate
Anzahl Personen mit jedem Resultat
Perzentil nach korrekt beantworteten Fragen
Ihre Resultats-Entwicklung
Sie haben dieses Quiz noch nicht gespielt